| 000 | 00670nam a22001697a 4500 | ||
|---|---|---|---|
| 020 | _qHard Cover. | ||
| 082 | _a621.3 | ||
| 100 | _aKhan Wazir, Abdullah, Ghyoor Arshad Lodhi, Nabeel Afzal, Rafy Zafar & Talal Ahmed | ||
| 245 |
_aUnemployment in Pakistan _cAbdullah Khan Wazir, Ghyoor Arshad Lodhi, Nabeel Afzal, Rafy Zafar & Talal Ahmed |
||
| 260 |
_aIslamabad : _bSEECS - NUST, |
||
| 300 |
_a35 p. : ill. ; _c30cm. |
||
| 650 |
_aElectronics Engineering-Project Report _931158 |
||
| 700 |
_aMr. Maqsood ul Hassan _934422 |
||
| 856 | _uhttp://10.250.8.41:8080/xmlui/handle/123456789/29512 | ||
| 942 |
_2ddc _cPR |
||
| 999 |
_c540414 _d540414 |
||